Statistics for Spoonerism Quiz

Click here to take the quiz!

General Stats

  • This quiz has been taken 197 times
  • The average score is 7 of 16

Answer Stats

Description 1AnswerDescription 2% Correct
Famous actor/martial artistBruce Lee/Loose BrieLightly fastened soft cheese?
71%
Puller of Santa's sleighReindeer/Dane rearHamlet's backside?
70%
Capital city of MinnesotaSt. Paul/Paint SaulAdd a layer of color to James McGill's alter ego?
64%
The Boy Who LivedHarry Potter/Parry HotterCounter the attack more warmly?
62%
Popular dandruff shampooHead and Shoulders/Shed and HoldersShack and tongs?
62%
Your friendly neighborhood web slingerSpiderman/Mitre SpanWidth of a bishop's hat?
58%
Songwriter of Johnny B. GoodeChuck Berry/Buck CherryBand who performed "Lit Up"
52%
Batters' initial destinationFirst Base/Burst FaceA condition where one's visage explodes?
40%
A hobby for locomotive enthusiastsTrain Spotting/Spain TrottingRiding a horse around the Iberian peninsula?
39%
WoodchuckGroundhog/Hound GrogWatered down rum for dogs?
38%
A certain type of medical imaging procedureCAT Scan/Scat CanA metal container to put jazz gibberish?
34%
Fancy Dijon mustard brandGrey Poupon/Pay GrouponGive money to a popular discount website?
34%
Common harmless household insect annoyanceFruit Fly/Flute FryCook wind instruments in hot oil?
23%
A mechanism to abruptly shut down a machineKill Switch/Swill KitschGulp down ironically tacky art?
23%
Early electronic communication schemeMorse Code/Coarse ModeRough setting?
17%
The World's Greatest DetectiveBatman/Mat BanLaw barring floor padding?
14%

Score Distribution

Percentile by Number Answered

Percent of People with Each Score

Your Score History

You have not taken this quiz